[Event "Open 2003 des PSV Rostock"]
[Site "Rostock"]
[Date "2003.08.31"]
[Round "7.16"]
[White "Sonnenberger, Kirsten"]
[Black "Loeke, Patrick"]
[Result "1/2-1/2"]
[WhiteElo "2052"]
[BlackElo "1655"]
[PlyCount "49"]
[EventDate "2003.08.28"]
[EventType "swiss"]
[EventRounds "7"]
[EventCountry "GER"]
[Source "Th. Schwetlick"]
[SourceDate "2003.08.28"]

1. e4 c5 2. Nf3 Nc6 3. d4 cxd4 4. Nxd4 Nf6 5. Nc3 e5 6. Ndb5 d6 7. Bg5 a6 8.
Bxf6 gxf6 9. Na3 b5 10. Nd5 f5 11. exf5 Bxf5 12. Qf3 Be6 13. Nf6+ Ke7 14. Nh5
Kd7 15. c3 f5 16. g4 f4 17. Bd3 Qg5 18. h3 Be7 19. Be4 Rac8 20. Bd5 Bxd5 21.
Qxd5 Qg8 22. Qd3 Qg6 23. Qd5 Qg8 24. Qd3 Qg6 25. Qd5 1/2-1/2

[Event "Open 2003 des PSV Rostock"]
[Site "Rostock"]
[Date "2003.08.31"]
[Round "7.17"]
[White "Jaeger, Frank"]
[Black "Luetje, Juergen"]
[Result "0-1"]
[WhiteElo "1780"]
[BlackElo "2042"]
[PlyCount "50"]
[EventDate "2003.08.28"]
[EventType "swiss"]
[EventRounds "7"]
[EventCountry "GER"]
[Source "Th. Schwetlick"]
[SourceDate "2003.08.28"]

1. e4 c5 2. Nf3 e6 3. d4 cxd4 4. Nxd4 Nc6 5. Nc3 Qc7 6. Be3 a6 7. Be2 b5 8. O-O
Bb7 9. a3 Nf6 10. Bf3 Ne5 11. Qd2 Nxf3+ 12. gxf3 d5 13. exd5 Nxd5 14. Nxd5 Bxd5
15. Bf4 Qb7 16. Rad1 Rd8 17. Qe3 Bc5 18. Rfe1 O-O 19. Be5 f6 20. Bg3 e5 21.
Bxe5 fxe5 22. Qxe5 Bd6 23. Qg5 Rf6 24. Qe3 Qf7 25. Rd3 Qh5 0-1

[Event "Open 2003 des PSV Rostock"]
[Site "Rostock"]
[Date "2003.08.31"]
[Round "7.18"]
[White "Illgen, Alexander"]
[Black "Kuprat, Thomas"]
[Result "1-0"]
[WhiteElo "1774"]
[BlackElo "2012"]
[PlyCount "121"]
[EventDate "2003.08.28"]
[EventType "swiss"]
[EventRounds "7"]
[EventCountry "GER"]
[Source "Th. Schwetlick"]
[SourceDate "2003.08.28"]

1. d4 Nf6 2. c4 e6 3. Nc3 Bb4 4. Qc2 c5 5. e3 b6 6. Bd3 Bb7 7. Nge2 Nc6 8. Bd2
cxd4 9. exd4 O-O 10. a3 Bxc3 11. Bxc3 d5 12. cxd5 Qxd5 13. f3 Rac8 14. Qd2 Rfd8
15. O-O e5 16. dxe5 Nxe5 17. Bxe5 Qxe5 18. Rac1 Qd5 19. Rfd1 Rxc1 20. Qxc1 g6
21. Nc3 Qc5+ 22. Kh1 Qf2 23. Qc2 Ng4 24. Be4 Rxd1+ 25. Qxd1 Bxe4 26. Nxe4 Qxg2+
27. Kxg2 Ne3+ 28. Kg3 Nxd1 29. b3 Nb2 30. Nd6 a6 31. Kf4 Nd3+ 32. Ke3 Nc5 33.
Nc8 Nxb3 34. Nxb6 Kf8 35. Nd5 Ke8 36. Nc7+ Kd7 37. Nxa6 Kd6 38. Nb4 Nc5 39. Nd3
Na4 40. Kd4 Nb6 41. Ne5 Ke6 42. Kc5 Na4+ 43. Kb4 Nb6 44. Kb5 Nd5 45. Nd3 Kd6
46. Nc5 Nc7+ 47. Kc4 Kc6 48. Ne4 h6 49. Nf6 Nb5 50. a4 Nd6+ 51. Kd4 Nf5+ 52.
Ke5 Nh4 53. Ke4 Kc5 54. Ng8 f5+ 55. Ke3 h5 56. Kf2 f4 57. Ne7 g5 58. h3 g4 59.
fxg4 hxg4 60. hxg4 Kd6 61. Nf5+ 1-0

[Event "Open 2003 des PSV Rostock"]
[Site "Rostock"]
[Date "2003.08.31"]
[Round "7.19"]
[White "Brack, Peter"]
[Black "Mueggenburg, Rolf"]
[Result "0-1"]
[WhiteElo "1916"]
[BlackElo "1460"]
[PlyCount "118"]
[EventDate "2003.08.28"]
[EventType "swiss"]
[EventRounds "7"]
[EventCountry "GER"]
[Source "Th. Schwetlick"]
[SourceDate "2003.08.28"]

1. d4 Nf6 2. c4 d6 3. Nc3 Bf5 4. Qb3 Qc8 5. f3 e6 6. e4 Bg6 7. Be3 Be7 8. Nh3
h6 9. Bd3 Nc6 10. Nf4 Bh7 11. Nfe2 O-O 12. O-O Re8 13. Rad1 Nd7 14. Na4 b6 15.
a3 Na5 16. Qc3 Bf6 17. b4 Nc6 18. f4 e5 19. fxe5 dxe5 20. d5 Ne7 21. c5 Bg5 22.
Bxg5 hxg5 23. Ng3 Ng6 24. Nf5 Nh4 25. Nxh4 gxh4 26. Qc2 Nf6 27. Nc3 Qd8 28. Qf2
bxc5 29. bxc5 Rb8 30. Rb1 Qe7 31. h3 Bg6 32. Rb4 Nh5 33. Rfb1 Rxb4 34. axb4 Nf4
35. Bc4 Qg5 36. Kh1 Nh5 37. Qf3 Ng3+ 38. Kh2 Bh5 39. Qf2 Kh8 40. Bb3 Rf8 41.
Bd1 Bg6 42. Ra1 f6 43. Bc2 Rf7 44. Rd1 f5 45. exf5 Nxf5 46. Bxf5 Rxf5 47. Qd2
Qg3+ 48. Kg1 Rf3 49. Nb5 Rd3 50. Qe1 Rxd5 51. Ra1 Qg5 52. Rd1 Be4 53. g4 Rxd1
54. Qxd1 Qe3+ 55. Kf1 Qxh3+ 56. Ke1 Qg3+ 57. Kd2 Qd3+ 58. Kc1 h3 59. g5 Qxd1+
0-1

[Event "Open 2003 des PSV Rostock"]
[Site "Rostock"]
[Date "2003.08.31"]
[Round "7.20"]
[White "Boettcher, Dietmar"]
[Black "Ott, Mathias"]
[Result "0-1"]
[WhiteElo "1751"]
[BlackElo "1899"]
[PlyCount "52"]
[EventDate "2003.08.28"]
[EventType "swiss"]
[EventRounds "7"]
[EventCountry "GER"]
[Source "Th. Schwetlick"]
[SourceDate "2003.08.28"]

1. Nf3 d5 2. d4 Nf6 3. Bg5 e6 4. e3 Nbd7 5. Bd3 c5 6. c3 b6 7. Nbd2 Bb7 8. Rc1
Be7 9. O-O O-O 10. Re1 Rc8 11. Bb1 Re8 12. Ne5 Nf8 13. Ndf3 cxd4 14. exd4 b5
15. a3 a5 16. Bd2 Qb6 17. Ng5 b4 18. axb4 axb4 19. Ngxf7 bxc3 20. bxc3 Ba3 21.
Rc2 Ne4 22. Qg4 Ng6 23. Qe2 Re7 24. Ng5 Nxe5 25. Nxe4 Ba6 26. Qh5 Nd3 0-1

[Event "Open 2003 des PSV Rostock"]
[Site "Rostock"]
[Date "2003.08.31"]
[Round "7.21"]
[White "Ernst, Mathias"]
[Black "Dekker, Theus"]
[Result "1/2-1/2"]
[WhiteElo "1612"]
[BlackElo "1852"]
[PlyCount "37"]
[EventDate "2003.08.28"]
[EventType "swiss"]
[EventRounds "7"]
[EventCountry "GER"]
[Source "Th. Schwetlick"]
[SourceDate "2003.08.28"]

1. e4 c6 2. d4 g6 3. f4 d5 4. e5 h5 5. Bd3 Nh6 6. c3 Bf5 7. Na3 e6 8. Nf3 Nd7
9. Nc2 Bxd3 10. Qxd3 Nf5 11. Bd2 Qb6 12. b4 Qb5 13. Qe2 Nb6 14. a4 Qxe2+ 15.
Kxe2 Nc4 16. a5 a6 17. Nce1 Ne7 18. Nd3 O-O-O 19. g3 1/2-1/2

[Event "Open 2003 des PSV Rostock"]
[Site "Rostock"]
[Date "2003.08.31"]
[Round "7.22"]
[White "Oelke, Bernd"]
[Black "Hamann, Dirk"]
[Result "1/2-1/2"]
[WhiteElo "1826"]
[BlackElo "1709"]
[PlyCount "33"]
[EventDate "2003.08.28"]
[EventType "swiss"]
[EventRounds "7"]
[EventCountry "GER"]
[Source "Th. Schwetlick"]
[SourceDate "2003.08.28"]

1. d4 Nf6 2. c4 g6 3. Nc3 Bg7 4. e4 d6 5. f3 Nbd7 6. Be3 O-O 7. Bd3 e5 8. d5
Nc5 9. Nge2 Ne8 10. Qd2 Nxd3+ 11. Qxd3 f5 12. O-O-O f4 13. Bf2 b6 14. Kb1 Bb7
15. Rc1 Qb8 16. Rhe1 Nf6 17. Rc2 1/2-1/2

[Event "Open 2003 des PSV Rostock"]
[Site "Rostock"]
[Date "2003.08.31"]
[Round "7.23"]
[White "Laser, Dirk"]
[Black "Krueger, Alexander"]
[Result "1/2-1/2"]
[WhiteElo "1801"]
[BlackElo "1640"]
[PlyCount "25"]
[EventDate "2003.08.28"]
[EventType "swiss"]
[EventRounds "7"]
[EventCountry "GER"]
[Source "Th. Schwetlick"]
[SourceDate "2003.08.28"]

1. e4 c6 2. d4 g6 3. Nc3 Bg7 4. Be3 d6 5. Qd2 Nf6 6. O-O-O O-O 7. Bh6 b5 8. Bd3
Be6 9. Kb1 Qa5 10. Nd5 Qd8 11. Nxf6+ exf6 12. Bxg7 Kxg7 13. h4 1/2-1/2

[Event "Open 2003 des PSV Rostock"]
[Site "Rostock"]
[Date "2003.08.31"]
[Round "7.24"]
[White "Dankesreiter, Arne"]
[Black "Glebow, Roman"]
[Result "1/2-1/2"]
[WhiteElo "1995"]
[BlackElo "1498"]
[PlyCount "53"]
[EventDate "2003.08.28"]
[EventType "swiss"]
[EventRounds "7"]
[EventCountry "GER"]
[Source "Th. Schwetlick"]
[SourceDate "2003.08.28"]

1. b3 d5 2. Bb2 c5 3. e3 Nc6 4. Bb5 Bf5 5. Bxc6+ bxc6 6. d3 e6 7. f4 Nf6 8. Nf3
Bd6 9. Nbd2 O-O 10. O-O Rc8 11. Qe2 Be7 12. Ne5 h6 13. g4 Bh7 14. Rf2 Nd7 15.
Ndf3 f6 16. Nxd7 Qxd7 17. Raf1 Rb8 18. Rg2 g5 19. h4 a5 20. hxg5 hxg5 21. fxg5
fxg5 22. Ne5 Qc7 23. Rgf2 Rxf2 24. Rxf2 Rf8 25. Rxf8+ Bxf8 26. Qf3 Bg7 27. Qg3
1/2-1/2

[Event "Open 2003 des PSV Rostock"]
[Site "Rostock"]
[Date "2003.08.31"]
[Round "7.26"]
[White "Herde, Dittmar"]
[Black "Roehl, Ivonne"]
[Result "1/2-1/2"]
[WhiteElo "1773"]
[BlackElo "1588"]
[PlyCount "38"]
[EventDate "2003.08.28"]
[EventType "swiss"]
[EventRounds "7"]
[EventCountry "GER"]
[Source "Th. Schwetlick"]
[SourceDate "2003.08.28"]

1. d4 Nf6 2. c4 g6 3. Nc3 Bg7 4. e4 d6 5. Be2 O-O 6. Bg5 h6 7. Be3 c6 8. Qd2
Kh7 9. f3 Bd7 10. g4 Ng8 11. h4 Qc8 12. Nh3 Na6 13. O-O-O b5 14. h5 g5 15. Rdf1
bxc4 16. Bxc4 d5 17. Bxa6 Qxa6 18. exd5 cxd5 19. Nf2 Rfc8 1/2-1/2

[Event "Open 2003 des PSV Rostock"]
[Site "Rostock"]
[Date "2003.08.31"]
[Round "7.29"]
[White "Rath, Wolfgang"]
[Black "Niessner, Robert"]
[Result "0-1"]
[WhiteElo "1730"]
[BlackElo "1533"]
[PlyCount "34"]
[EventDate "2003.08.28"]
[EventType "swiss"]
[EventRounds "7"]
[EventCountry "GER"]
[Source "Th. Schwetlick"]
[SourceDate "2003.08.28"]

1. e4 c6 2. d4 d5 3. exd5 cxd5 4. Bd3 Nf6 5. Bg5 e6 6. Nf3 Be7 7. O-O O-O 8.
Nc3 a6 9. a3 Nc6 10. Ne5 Nxe5 11. dxe5 Nd7 12. Bxe7 Qxe7 13. Re1 Qg5 14. Qe2
Nc5 15. Qe3 Qxe3 16. Rxe3 d4 17. Rh3 Nxd3 0-1

[Event "Open 2003 des PSV Rostock"]
[Site "Rostock"]
[Date "2003.08.31"]
[Round "7.30"]
[White "Raitza, Egon"]
[Black "Kupfer, Wilfried"]
[Result "0-1"]
[WhiteElo "1684"]
[BlackElo "1185"]
[PlyCount "34"]
[EventDate "2003.08.28"]
[EventType "swiss"]
[EventRounds "7"]
[EventCountry "GER"]
[Source "Th. Schwetlick"]
[SourceDate "2003.08.28"]

1. d4 d5 2. Nf3 Nf6 3. e3 c6 4. Bd3 b5 5. c3 Ne4 6. O-O Bg4 7. Be2 Qd6 8. Ne5
Bxe2 9. Qxe2 Nd7 10. f3 Nef6 11. Nd3 e6 12. e4 dxe4 13. fxe4 e5 14. dxe5 Nxe5
15. Bf4 Qxd3 16. Qxd3 Nxd3 17. Nd2 Bc5+ 0-1

[Event "Open 2003 des PSV Rostock"]
[Site "Rostock"]
[Date "2003.08.31"]
[Round "7.31"]
[White "Salden, Franziska"]
[Black "Heinisch, Uwe"]
[Result "1/2-1/2"]
[WhiteElo "1513"]
[BlackElo "1622"]
[PlyCount "44"]
[EventDate "2003.08.28"]
[EventType "swiss"]
[EventRounds "7"]
[EventCountry "GER"]
[Source "Th. Schwetlick"]
[SourceDate "2003.08.28"]

1. e4 d6 2. d4 Nf6 3. Nc3 c6 4. f4 Qa5 5. Bd2 e5 6. dxe5 dxe5 7. f5 Qc7 8. Nf3
Nbd7 9. Bd3 Nc5 10. O-O Nxd3 11. cxd3 Bc5+ 12. Kh1 b6 13. Qe2 Ba6 14. Rad1
O-O-O 15. Be3 Bxe3 16. Qxe3 h6 17. Rd2 Rhe8 18. Rb1 Bb7 19. b4 Rd7 20. Rc1 Kb8
21. a4 Qd8 22. Ra1 Ng4 1/2-1/2

[Event "Open 2003 des PSV Rostock"]
[Site "Rostock"]
[Date "2003.08.31"]
[Round "7.32"]
[White "Hinkelmann, Dieter"]
[Black "Wessolek, Peter"]
[Result "1-0"]
[WhiteElo "1552"]
[BlackElo "1492"]
[PlyCount "77"]
[EventDate "2003.08.28"]
[EventType "swiss"]
[EventRounds "7"]
[EventCountry "GER"]
[Source "Th. Schwetlick"]
[SourceDate "2003.08.28"]

1. e4 e6 2. d4 d5 3. Nd2 Nc6 4. c3 Nf6 5. Bd3 dxe4 6. Nxe4 e5 7. Qe2 Be6 8. Ng5
Qd5 9. f3 O-O-O 10. Nxe6 Qxe6 11. Bc4 Nd5 12. dxe5 Nxe5 13. Bb3 Nd3+ 14. Kf1
Ne5 15. Nh3 Qf6 16. Bg5 Qd6 17. Bxd8 Qc5 18. Bxd5 Bd6 19. Bh4 Qxd5 20. Bg3 f6
21. Nf4 Qf7 22. b4 Re8 23. Re1 a5 24. Qd2 Rd8 25. Qd5 Qxd5 26. Nxd5 axb4 27.
Nxb4 c5 28. Nd5 Nd3 29. Rd1 c4 30. Bxd6 Rxd6 31. Nb4 Kc7 32. Nxd3 cxd3 33. Ke1
Kc6 34. Kd2 Kc5 35. Rb1 b5 36. Rhe1 Ra6 37. Kxd3 Rxa2 38. Re2 Ra7 39. Rb4 1-0

[Event "Open 2003 des PSV Rostock"]
[Site "Rostock"]
[Date "2003.08.31"]
[Round "7.33"]
[White "Deicke, Detlef"]
[Black "Uphoff, Juergen"]
[Result "1/2-1/2"]
[WhiteElo "995"]
[BlackElo "1413"]
[PlyCount "42"]
[EventDate "2003.08.28"]
[EventType "swiss"]
[EventRounds "7"]
[EventCountry "GER"]
[Source "Th. Schwetlick"]
[SourceDate "2003.08.28"]

1. Nf3 Nf6 2. c4 e6 3. g3 d5 4. Bg2 c5 5. O-O Nc6 6. b3 dxc4 7. bxc4 b6 8. Bb2
Be7 9. d3 Bb7 10. Ne5 Qc7 11. Qa4 Rc8 12. Na3 O-O 13. f4 Nxe5 14. Bxe5 Bc6 15.
Bxc6 Qxc6 16. Qxc6 Rxc6 17. Nb5 Ra8 18. Bxf6 Bxf6 19. Rab1 h6 20. a4 a6 21. Na3
Re8 1/2-1/2

[Event "Open 2003 des PSV Rostock"]
[Site "Rostock"]
[Date "2003.08.31"]
[Round "7.34"]
[White "Suliga, Eckhard"]
[Black "Vladov, Mark"]
[Result "1-0"]
[WhiteElo "1661"]
[BlackElo "1735"]
[PlyCount "82"]
[EventDate "2003.08.28"]
[EventType "swiss"]
[EventRounds "7"]
[EventCountry "GER"]
[Source "Th. Schwetlick"]
[SourceDate "2003.08.28"]

1. e4 d6 2. d4 Nf6 3. Nc3 g6 4. f3 Bg7 5. Be3 O-O 6. Nge2 Nbd7 7. g4 c5 8. Qd2
a6 9. O-O-O Qa5 10. Kb1 b5 11. Nd5 Qxd2 12. Nxe7+ Kh8 13. Rxd2 Bb7 14. g5 Nxe4
15. fxe4 Bxe4 16. Rg1 Rfe8 17. Nxg6+ fxg6 18. Bf4 cxd4 19. Bxd6 Re6 20. Bg3 d3
21. cxd3 Bf5 22. Nf4 Bd4 23. Rgg2 Rc6 24. Rc2 Rac8 25. Rxc6 Rxc6 26. Rc2 Rxc2
27. Kxc2 Kg7 28. Bg2 b4 29. Bd5 Nc5 30. Bc4 Be5 31. Nh5+ gxh5 32. Bxe5+ Kg6 33.
Bd6 Ne6 34. Bxb4 Nd4+ 35. Kc3 Nf3 36. Bd6 Kxg5 37. Bxa6 Kg4 38. Bb7 Ng1 39. a4
Ne2+ 40. Kd2 Nf4 41. a5 Nxd3 {Rest unklar} 1-0